000 00822nam a22000977a 4500
008 150914b xxu||||| |||| 00| 0 eng d
100 _aMeschenmoser, Alfred
245 _aUberroller-Post 1945-1949 vom 'Dritten Reich' in das 'Nachkriegs-Deutschland'
260 _aDusseldorf, Germany
_bPoststempelgilde "Rhein-Donau" e.V., mit Unterstutzung der Stiftung zur Forderung der Philatelie und Postgeschichte e.V.,
_c1984
650 _aAllied Occupation | Germany | Censored Mail | Military Mail | Postal History | Prisoner-of-War and Internee Mail | Postal Markings | Covers | Postal Service | 1945-1949 | Post World War II | Transportation of Mail | United States | Great Britain | France -- Occupation of Germany | Russia -- Occupation of Germany | Allied Occupation -- Berlin | Allied Occupation -- Austria | Czechoslovakia (1918-1992)
999 _c1722
_d1722